000
00323nam a2200145Ia 4500
100
_a
Maso/ Brian
942
_c
BK
654
_a
Computer
245
_a
Visual J++ 6 from the ground up
260
_b
Tata Mc Graw hill
_a
New Delhi
_c
1999
082
_a
005.133'J'
_b
MAS
300
_a
800
546
_a
ENGLISH
999
_c
29358
_d
29358